Statistics for Fish Species of Mississippi

Click here to take the quiz!

General Stats

  • This quiz has been taken 7 times
    (6 since last reset)
  • The average score is 45 of 212

Answer Stats

Scientific NameSpecies% Correct
Micropterus dolomieuSmallmouth Bass
100%
Ictalurus furcatusBlue Catfish
80%
Lepomis macrochirusBluegill
80%
Ictalurus punctatusChannel Catfish
80%
Pylodictis olivarisFlathead Catfish
80%
Micropterus salmoidesLargemouth Bass
80%
Morone saxatilisStriped Bass
80%
Atractosteus spathulaAlligator Gar
60%
Pomoxis nigromaculatusBlack Crappie
60%
Semotilus atromaculatusCreek Chub
60%
Aplodinotus grunniensFreshwater Drum
60%
Polyodon spathulaPaddlefish
60%
Lepomis microlophusRedear Sunfish
60%
Ambloplites rupestrisRock Bass
60%
Lepisosteus oculatusSpotted Gar
60%
Morone chrysopsWhite Bass
60%
Pomoxis annularisWhite Crappie
60%
Morone mississippiensisYellow Bass
60%
Amia calvaBowfin
40%
Ameiurus nebulosusBrown Bullhead
40%
Esox nigerChain Pickerel
40%
Dorosoma cepedianumGizzard Shad
40%
Fundulus chrysotusGolden Topminnow
40%
Etheostoma nigrumJohnny Darter
40%
Lepomis megalotisLongear Sunfish
40%
Lepisosteus osseusLongnose Gar
40%
Etheostoma caeruleumRainbow Darter
40%
Esox americanusRedfin Pickerel
40%
Lepisosteus platostomusShortnose Gar
40%
Micropterus punctulatusSpotted Bass
40%
Sander vitreusWalleye
40%
Ameiurus natalisYellow Bullhead
40%
Micropterus henshalliAlabama Bass
20%
Hypentelium etowanumAlabama Hogsucker
20%
Alosa alabamaeAlabama Shad
20%
Cyprinella callistiaAlabama Shiner
20%
Anguilla rostrataAmerican Eel
20%
Stronglyura marinaAtlantic Needlefish
20%
Etheostoma zoniferBackwater Darter
20%
Etheostoma zonaleBanded Darter
20%
Elassoma zonatumBanded Pygmy Sunfish
20%
Cottus carolinaeBanded Sculpin
20%
Lepomis symmetricusBantam Sunfish
20%
Anchoa mitchilliBay Anchovy
20%
Fundulus pulvereusBayou Killifish
20%
Fundulus nottiiBayou Topminnow
20%
Hybopsis amblopsBigeye Chub
20%
Notropis boopsBigeye Shiner
20%
Ictiobus cyprinellusBigmouth Buffalo
20%
Percina nigrofasciataBlackbanded Darter
20%
Ictiobus nigerBlack Buffalo
20%
Ameiurus melasBlack Bullhead
20%
Etheostoma nigripinneBlackfin Darter
20%
Noturus funebrisBlack Madtom
20%
Etheostoma duryiBlackside Snubnose Darter
20%
Fundulus olivaceusBlackspotted Topminnow
20%
Fundulus notatusBlackstripe Topminnow
20%
Cyprinella venustaBlacktail Shiner
20%
Pternotropis welakaBluenose Shiner
20%
Enneacanthus gloriosusBluespotted Sunfish
20%
Cycleptus elongatusBlue Sucker
20%
Cyprinella camuraBluntface Shiner
20%
Pimephales notatusBluntnose Minnow
20%
Etheostoma lynceumBrighteye Darter
20%
Fundulus euryzonusBroadstripe Topminnow
20%
Labidesthes sicculusBrook Silverside
20%
Pimephales vigilaxBullhead Minnow
20%
Campostoma anomalumCentral Stoneroller
20%
Notropis wickliffiChannel Shiner
20%
Lythrurus roseipinnisCherryfin Shiner
20%
Ichthyomyzon castaneusChestnut Lamprey
20%
Notropis petersoniCoastal Shiner
20%
Crystallaria asprellaCrystal Darter
20%
Etheostoma proeliareCypress Darter
20%
Ctenogobius boleosomaDarter Goby
20%
Lepomis marginatusDollar Sunfish
20%
Gambusia holbrookiEastern Mosquitofish
20%
Notropis atherinoidesEmerald Shiner
20%
Etheostoma flabellareFantail Darter
20%
Dormitator maculatusFat Sleeper
20%
Centrarchus macropterusFlier
20%
Percina lenticulaFreckled Darter
20%
Notropis buchananiGhost Shiner
20%
Percina evidesGilt Darter
20%
Moxostoma erythrurumGolden Redhorse
20%
Notemigonus crysoleucasGolden Shiner
20%
Hiodon alosoidesGoldeye
20%
Etheostoma blennioidesGreenside Darter
20%
Lepomis cyanellusGreen Sunfish
20%
Etheostoma swainiGulf Darter
20%
Fundulus grandisGulf Killifish
20%
Etheostoma histrioHarlequin Darter
20%
Carpiodes veliferHighfin Carpsucker
20%
Trinectes maculatusHogchoker
20%
Menidia beryllinaInland Silverside
20%
Notropis chalybaeusIroncolor Shiner
20%
Erimyzon sucettaLake Chubsucker
20%
Eleotris amblyopsisLargescaled Spinycheek Sleeper
20%
Campostoma oligolepisLargescale Stoneroller
20%
Heterandria formosaLeast Killifish
20%
Noturus hildebrandiLeast Madtom
20%
Notropis longirostrisLongnose Shiner
20%
Fundulus confluentusMarsh Killifish
20%
Notropis volucellusMimic Shiner
20%
Menidia audensMississippi Silverside
20%
Hybognathus nuchalisMississippi Silvery Minnow
20%
Hiodon tergisusMooneye
20%
Agonostomus monticolaMountain Mullet
20%
Etheostoma asprigeneMud Darter
20%
Ammocrypta beaniiNaked Sand Darter
20%
Hypentelium nigricansNorthern Hogsucker
20%
Fundulus catenatusNorthern Studfish
20%
Notropis ammophilusOrangefin Shiner
20%
Scaphirhynchus albusPallid Sturgeon
20%
Micropterus spp.Pearl River Bass
20%
Noturus gladiatorPiebald Madtom
20%
Aphredoderus sayanusPirate Perch
20%
Lythrurus bellusPretty Shiner
20%
Opsopoedus emiliaePugnose Minnow
20%
Carpiodes cyprinusQuillback
20%
Lucania parvaRainwater Killifish
20%
Lythrurus umbratilisRedfin Shiner
20%
Etheostoma rufilineatumRedline Darter
20%
Cyprinella lutrensisRed Shiner
20%
Carpiodes carpioRiver Carpsucker
20%
Nocomis micropogonRiver Chub
20%
Percina shumardiRiver Darter
20%
Moxostoma carinatumRiver Redhorse
20%
Etheostoma rupestreRock Darter
20%
Notropis baileyiRough Shiner
20%
Notropis sabinaeSabine Shiner
20%
Poecilia latipinnaSailfin Molly
20%
Sander canadensisSauger
20%
Ammocrypta vivaxScaly Sand Darter
20%
Lythrurus fasciolarisScarlet Shiner
20%
Ambloplites ariommusShadow Bass
20%
Erimyzon tenuisSharpfin Chubsucker
20%
Cyprinodon variegatusSheepshead Minnow
20%
Scaphirhynchus platorynchusShovelnose Sturgeon
20%
Macrhybopsis meekiSicklefin Chub
20%
Moxostoma anisurumSilver Redhorse
20%
Notropis stilbiusSilverstripe Shiner
20%
Alosa chrysochlorisSkipjack Herring
20%
Moxostoma brevicepsSmallmouth Redhorse
20%
Etheostoma simoterumSnubnose Darter
20%
Cycleptus meridionalisSoutheastern Blue Sucker
20%
Ichthyomyzon gageiSouthern Brook Lamprey
20%
Chrosomus erythrogasterSouthern Redbelly Dace
20%
Ammocrypta meridianaSouthern Sand Darter
20%
Etheostoma stigmaeumSpeckled Darter
20%
Noturus leptacanthusSpeckled Madtom
20%
Cyprinella spilopteraSpotfin Shiner
20%
Minytrema melanopsSpotted Sucker
20%
Fundulus disparStarhead Topminnow
20%
Mugil cephalusStriped Mullet
20%
Luxilus chrysocephalusStriped Shiner
20%
Etheostoma fusiformeSwamp Darter
20%
Noturus gyrinusTadpole Madtom
20%
Notropis maculatusTaillight Shiner
20%
Dorosoma petenenseThreadfin Shad
20%
Lepomis gulosusWarmouth
20%
Notropis texanusWeed Shiner
20%
Erimyzon claviformisWestern Creek Chubsucker
20%
Gambusia affinisWestern Mosquitofish
20%
Mugil curemaWhite Mullet
20%
Cyprinella galacuraWhitetail Shiner
20%
Acipenser oxyrinchusAtlantic Sturgeon
0%
Etheostoma rubrumBayou Darter
0%
Notropis melanostomusBlackmouth Shiner
0%
Moxostoma duquesniiBlack Redhorse
0%
Moxostoma poeciliurumBlacktail Redhorse
0%
Etheostoma chlorosomaBluntnose Darter
0%
Noturus miurusBrindled Madtom
0%
Noturus phaeusBrown Madtom
0%
Hybopsis winchelliClear Chub
0%
Hybognathus hayiCypress Minnow
0%
Adinia xenicaDiamond Killifish
0%
Percina scieraDusky Darter
0%
Notropis edwardraneyiFluvial Shiner
0%
Noturus munitusFrecklebelly Madtom
0%
Noturus nocturnusFreckled Madtom
0%
Etheostoma parvipinneGoldstripe Darter
0%
Percina suttkusiGulf Logperch
0%
Percina caprodesLogperch
0%
Notropis amplamalaLongjaw Minnow
0%
Fundulus blairaeLowland Topminnow
0%
Percina kathaeMobile Logperch
0%
Micropheris brachyurusOpossum Pipefish
0%
Lepomis humilisOrangespotted Sunfish
0%
Hybopsis amnisPallid Shiner
0%
Percina auroraPearl Darter
0%
Etheostoma artesiaeRedspot Darter
0%
Lepomis miniatusRedspotted Sunfish
0%
Lyrthrurus fumeusRibbon Shiner
0%
Notropis blenniusRiver Shiner
0%
Percina vigilSaddleback Darter
0%
Fundulus jenkinsiSaltmarsh Topminnow
0%
Macrhybopsis hyostomaShoal Chub
0%
Notropis shumardiSilverband Shiner
0%
Macrhybopsis storerianaSilver Chub
0%
Notropis candidusSilverside Shiner
0%
Percina phoxocephalaSlenderhead Darter
0%
Noturus exilisSlender Madtom
0%
Etheostoma gracileSlough Darter
0%
Ictiobus bubalusSmallmouth Buffalo
0%
Cyprinella whippleiSteelcolor Shiner
0%
Etheostoma kennicottiStripetail Darter
0%
Phenacobius mirabilisSuckermouth Minnow
0%
Etheostoma lachneriTombigee Darter
0%
Ammocrypta claraWestern Sand Darter
0%
Etheostoma raneyiYazoo Darter
0%
Notropis rafinesqueiYazoo Shiner
0%

Score Distribution

Percentile by Number Answered

Percent of People with Each Score

Your Score History

You have not taken this quiz since the last reset